000 00277nam a2200109 a 4500
005 20201002053525.0
008 180426s2017 000 spa d
020 _a9789945194951
245 0 _aCiencias de la naturaleza 4 :.
260 _aSanto Domingo,
_c2017.
999 _c46782
_d46782
040 _aDO-SdBNP